| 000 | 00654cam a22002411 4500 | ||
|---|---|---|---|
| 999 |
_c7421 _d7421 |
||
| 001 | 7001313 | ||
| 003 | GBCCL | ||
| 005 | 20241126110627.0 | ||
| 008 | 790831s1957 tnu 001 0 eng | ||
| 010 | _a 57013894 | ||
| 035 | _a(OCoLC)5331948 | ||
| 040 |
_aDLC _cA _dDLC |
||
| 042 | _apremarc | ||
| 050 | 0 | 0 |
_aBV1585 _b.B816 |
| 082 |
_a268 _bBUR |
||
| 100 | 1 |
_aBurnett, Sibley Curtis. _913123 |
|
| 245 | 1 | 0 | _aBetter vacation Bible schools. |
| 260 |
_aNashville, _bConvention Press _c[1957] |
||
| 300 |
_a150 p. _c20 cm. |
||
| 650 | 0 |
_aVacation schools, Religious. _913124 |
|
| 906 |
_a7 _bcbc _coclcrpl _du _encip _f19 _gy-gencatlg |
||
| 942 |
_2ddc _cBK _01 |
||